000 00450nam a2200121Ia 4500
008 220620s9999||||xx |||||||||||||| ||und||
100 _aSenay Sabah
245 0 _aConsumer Behavior - Practice Oriented Perspectives
546 _aEnglish[eng]
650 _aTrade||Social Sciences and Humanities||Management and Economics||Business||Marketing
856 _uhttps://www.intechopen.com/books/consumer-behavior-practice-oriented-perspectives
942 _cEB
999 _c29431
_d29431